[Event "Women's Speed Chess Q6"]
[Site "chess.com INT"]
[Date "2021.06.05"]
[Round "13"]
[White "Nguyen, Hong Anh"]
[Black "Koridze, Lile"]
[Result "1-0"]
[WhiteTitle "WIM"]
[BlackTitle "WFM"]
[WhiteElo "1993"]
[BlackElo "2016"]
[WhiteFideId "12406732"]
[BlackFideId "13612514"]
[EventDate "2021.06.05"]

1. d4 Nf6 2. Nf3 d5 3. g3 c5 4. Bg2 Nc6 5. O-O e6 6. c4 dxc4 7. Qa4 Bd7 8. dxc5
Bxc5 9. Qxc4 Qe7 10. Nc3 O-O 11. Bg5 Rfc8 12. Bxf6 gxf6 13. Qg4+ Kh8 14. Rac1 f5
15. Qh5 f6 16. e4 Be8 17. Qh3 Bg6 18. Nh4 Qg7 19. exf5 exf5 20. Nxf5 Qd7 21. Nh4
Qxh3 22. Bxh3 Re8 23. Nxg6+ hxg6 24. Nd5 Bd4 25. Nc7 Bxb2 26. Rb1 Bd4 27. Nxa8
Rxa8 28. Rxb7 Ne5 29. Bg2 Rd8 30. a4 Bb6 31. h3 Rd2 32. a5 Bxa5 33. Rxa7 Bb6 34.
Ra6 Bd8 35. Rb1 Kg7 36. Ra7+ Kf8 37. Rb8 Ke8 38. Be4 Rd1+ 39. Kg2 f5 40. Bc2 Rd2
41. Ba4+ Kf8 42. Bb3 Ke8 43. Rb5 Nd3 44. Kg1 Nxf2 45. Re5+ Kf8 46. Re6 Nxh3+ 47.
Kf1 Rf2+ 48. Ke1 Rg2 49. Rxg6 Be7 50. Ra8+ Bd8 51. Rxd8+ Ke7 52. Rd3 f4 53. Re6+
Kf8 54. Rf3 Rxg3 55. Rxg3 fxg3 56. Rg6 Nf4 57. Rxg3 Ke7 58. Rf3 Kd6 59. Rxf4 1-0

[Event "Women's Speed Chess Q6"]
[Site "chess.com INT"]
[Date "2021.06.05"]
[Round "13"]
[White "Sukandar, Irine Kharisma"]
[Black "Petrova, Irina"]
[Result "0-1"]
[WhiteTitle "IM"]
[BlackTitle "WIM"]
[WhiteElo "2413"]
[BlackElo "2110"]
[WhiteFideId "7101937"]
[BlackFideId "14124122"]
[EventDate "2021.06.05"]

1. d4 d6 2. e4 Nf6 3. Nc3 e5 4. Nf3 Nbd7 5. Bc4 Be7 6. O-O O-O 7. Re1 c6 8. a4
h6 9. h3 Re8 10. b3 Bf8 11. Bb2 exd4 12. Nxd4 Ne5 13. Bf1 g5 14. Qd2 Bg7 15.
Rad1 Bd7 16. Kh1 g4 17. h4 d5 18. g3 c5 19. Nf5 Bxf5 20. exf5 d4 21. Ne4 Nf3 22.
Nxf6+ Qxf6 23. Rxe8+ Rxe8 24. Qf4 h5 25. Bg2 Re2 26. Bxf3 gxf3 27. Qxf3 Rxc2 28.
Bc1 Rc3 29. Qxb7 Qxf5 30. Bf4 Qg4 31. Re1 Qf3+ 32. Qxf3 Rxf3 33. Rc1 Bf8 34. b4
cxb4 35. Rc8 Rc3 36. Rd8 Rc6 37. Rxd4 b3 38. Rd1 b2 39. Rb1 Ba3 40. Kg2 Rc1 41.
Bxc1 bxc1=Q 42. Rxc1 Bxc1 43. Kf3 Kg7 44. Ke4 Kf6 45. f3 Ke6 46. g4 hxg4 47.
fxg4 Bd2 48. Kd3 Be1 49. h5 Kf6 50. Ke4 Kg5 51. Ke5 Bc3+ 52. Kd6 Kxg4 53. h6 Kg5
54. h7 Kg6 55. Ke7 f5 56. Kf8 f4 57. Kg8 f3 58. a5 f2 59. a6 f1=Q 60. h8=Q Qf7# 0-1

[Event "Women's Speed Chess Q6"]
[Site "chess.com INT"]
[Date "2021.06.05"]
[Round "13"]
[White "Priyanka, K"]
[Black "Zaksaite, Salomeja"]
[Result "1-0"]
[WhiteTitle "WIM"]
[BlackTitle "WIM"]
[WhiteElo "2218"]
[BlackElo "2202"]
[WhiteFideId "5082986"]
[BlackFideId "12801496"]
[EventDate "2021.06.05"]

1. e4 c5 2. Nf3 e6 3. d4 cxd4 4. Nxd4 Nf6 5. Bd3 Nc6 6. Nb3 d5 7. exd5 Nxd5 8.
O-O Bd6 9. N1d2 O-O 10. Ne4 Bc7 11. Ng5 h6 12. Qh5 Nf6 13. Qh4 Ne5 14. Ne4 Nxe4
15. Qxd8 Rxd8 16. Bxe4 f5 17. Bf3 Nxf3+ 18. gxf3 b6 19. Be3 Bb7 20. Nd4 Kf7 21.
f4 g5 22. fxg5 f4 23. Nb5 Be5 24. Bc1 Rg8 25. f3 a6 26. Nc3 Rxg5+ 27. Kh1 Rag8
28. Ne2 Rg2 29. Nxf4 Bxf3 30. Nxg2 Ke7 31. Rxf3 Rd8 32. Be3 Bxb2 33. Rb1 Be5 34.
Bxb6 Rd2 35. Be3 Rxc2 36. Rb7+ Kd6 37. Bc5+ Kc6 38. Rb6+ Kxc5 39. Rxe6 Rc1+ 40.
Ne1 Rxe1+ 41. Kg2 Kd5 42. Re8 Re2+ 43. Rf2 Re4 44. Rc2 Rg4+ 45. Kf3 Rf4+ 46. Ke2
Re4+ 47. Kd3 Rd4+ 48. Ke2 Re4+ 49. Kf3 Rf4+ 50. Kg2 Rg4+ 51. Kh3 Ra4 52. Rd2+
Bd4 53. Rd8+ Kc5 54. Rc2+ 1-0

[Event "Women's Speed Chess Q6"]
[Site "chess.com INT"]
[Date "2021.06.05"]
[Round "13"]
[White "Grineva, Marianna"]
[Black "Vu, Bui Thi Thanh Van"]
[Result "0-1"]
[WhiteTitle "WFM"]
[BlackTitle "WFM"]
[WhiteElo "2029"]
[BlackElo "1750"]
[WhiteFideId "14102013"]
[BlackFideId "12408921"]
[EventDate "2021.06.05"]

1. e4 e6 2. d4 d5 3. Nd2 c5 4. Ngf3 Nf6 5. exd5 Qxd5 6. Bc4 Qd6 7. O-O cxd4 8.
Nb3 Nc6 9. Nbxd4 Nxd4 10. Nxd4 a6 11. c3 Be7 12. Re1 Qc7 13. Bb3 O-O 14. Qf3 Rb8
15. Bf4 Bd6 16. Bxd6 Qxd6 17. Rad1 Qc7 18. Bc2 b5 19. a3 Bb7 20. Qh3 h6 21. Re3
Rbd8 22. Rde1 Rd5 23. Bb3 Rg5 24. f3 Nh5 25. g4 Nf6 26. Qg3 Qxg3+ 27. hxg3 h5
28. Bxe6 hxg4 29. Bf5 gxf3 30. Kf2 Rh5 31. g4 Rh2+ 32. Kg3 Rg2+ 33. Kh3 f2 34.
Rf1 Nd5 35. Rg3 Rxg3+ 36. Kxg3 g6 37. Bd3 Re8 38. Rxf2 Re3+ 39. Rf3 Rxf3+ 40.
Nxf3 Ne3 41. Ne5 Nd1 42. Kf4 Nxb2 43. Be2 Na4 44. Nd7 Nxc3 45. Nf6+ Kg7 46. Ne8+
Kf8 47. Nd6 Nxe2+ 48. Ke3 Bd5 49. Kxe2 Ke7 50. Nc8+ Kd7 51. Nb6+ Kc6 52. Nc8 Be6
53. Ne7+ Kd7 54. Ng8 Bxg4+ 55. Ke3 Ke6 56. Nh6 Bd1 57. Kf4 f6 58. Ng8 g5+ 59.
Ke4 f5+ 60. Ke3 f4+ 61. Kf2 g4 62. Nh6 g3+ 63. Kg2 Bh5 64. Kh3 Bf3 65. Ng8 Bd5
66. Nh6 Kf6 0-1

[Event "Women's Speed Chess Q6"]
[Site "chess.com INT"]
[Date "2021.06.05"]
[Round "13"]
[White "Batsiashvili, Nino"]
[Black "Berend, Elvira"]
[Result "1-0"]
[WhiteTitle "GM"]
[BlackTitle "WGM"]
[WhiteElo "2491"]
[BlackElo "2326"]
[WhiteFideId "13602993"]
[BlackFideId "4000510"]
[EventDate "2021.06.05"]

1. d4 Nf6 2. Nf3 g6 3. g3 Bg7 4. Bg2 O-O 5. O-O d6 6. b3 c5 7. c4 Nc6 8. Bb2 Bg4
9. d5 Bxf3 10. exf3 Nd4 11. Nc3 Nd7 12. f4 a5 13. Qd2 Ra6 14. Rfe1 Re8 15. Ne2
Nxe2+ 16. Rxe2 Bxb2 17. Qxb2 Nf6 18. Rae1 Ra8 19. Bh3 a4 20. f5 axb3 21. axb3
Qa5 22. fxg6 hxg6 23. Kg2 Kg7 24. Qb1 Qc3 25. Re3 Qb4 26. Rxe7 Rxe7 27. Rxe7 Qd2
28. Qe1 Qd3 29. Qe3 Qxe3 30. Rxe3 Kf8 31. Kf3 Ra2 32. Bc8 b6 33. h4 Rb2 34. g4
Kg7 35. g5 Ng8 36. Bd7 Kf8 37. Re8+ Kg7 38. Ba4 Rc2 39. Rd8 Rc3+ 40. Ke2 Ne7 41.
Rxd6 Nf5 42. Rxb6 Nd4+ 43. Kd2 Rc2+ 44. Kd3 Rxf2 45. Rc6 Rf3+ 46. Kd2 Rf2+ 47.
Ke3 Re2+ 48. Kd3 Rh2 49. Rxc5 Nf5 50. Rc6 Rh3+ 51. Kc2 Rxh4 52. Kb2 Nd4 53. Rc7
Rh2+ 54. Ka3 Nc2+ 55. Kb2 Nd4+ 56. Kc3 Nf5 57. c5 Rh3+ 58. Kb4 Rh4+ 59. Ka5 Kf8
60. d6 Rd4 61. b4 Rd5 62. b5 Nxd6 63. cxd6 Rxd6 64. Bb3 Rd3 65. Bxf7 Ra3+ 66.
Kb6 Rg3 67. Bxg6 Rxg5 68. Rc6 Ke7 69. Ka6 Kd7 70. Bd3 Rg3 71. Bc4 Ra3+ 72. Kb7
Ra1 73. b6 1-0

[Event "Women's Speed Chess Q6"]
[Site "chess.com INT"]
[Date "2021.06.05"]
[Round "13"]
[White "Agrest, Inna"]
[Black "Antolak, Julia"]
[Result "0-1"]
[WhiteTitle "WIM"]
[BlackTitle "WIM"]
[WhiteElo "2285"]
[BlackElo "2309"]
[WhiteFideId "1708830"]
[BlackFideId "1159569"]
[EventDate "2021.06.05"]

1. e4 c5 2. Nf3 e6 3. d4 cxd4 4. Nxd4 Nf6 5. Nc3 d6 6. g4 h6 7. Rg1 Nc6 8. Be3
Be7 9. Be2 a6 10. Qd2 Nd7 11. O-O-O Qc7 12. Kb1 b5 13. a3 Bb7 14. f3 O-O-O 15.
Nb3 Nde5 16. Qe1 Kb8 17. Qf2 Rc8 18. f4 Nc4 19. Bc1 N6a5 20. Nxa5 Qxa5 21. Bxc4
Rxc4 22. Qe3 Rhc8 23. Rd3 b4 24. axb4 Qxb4 25. Na2 Qc5 26. Qxc5 R8xc5 27. Be3
Rc8 28. Nc3 Bxe4 29. Nxe4 Rxe4 30. Rgd1 d5 31. c3 Bd6 32. f5 Rxg4 33. fxe6 fxe6
34. h3 Rg2 35. Bd4 Rf8 36. Re1 Re8 37. Rde3 Kc7 38. Rxe6 Rxe6 39. Rxe6 Kd7 40.
Re3 g5 41. Rf3 Be7 42. Rf7 Re2 43. Rh7 Re6 44. Kc2 Kc6 45. Kd3 Bc5 46. Bg7 Re3+
47. Kc2 Rxh3 48. Rxh6+ Rxh6 49. Bxh6 g4 50. Bf4 Bf2 51. Kd3 Kd7 52. Ke2 Bb6 53.
Kd3 Ke6 54. Ke2 Kf5 55. Bb8 Ke4 56. Kf1 Kf3 57. Ke1 g3 58. Kd2 g2 59. Bh2 g1=Q
60. Bxg1 Bxg1 61. Kd3 Kf4 62. c4 d4 63. b4 Ke5 64. b5 axb5 65. cxb5 Kd5 66. b6
Kc6 67. Ke2 Kxb6 68. Kd3 Be3 69. Ke2 Kc5 70. Kd3 Kd5 71. Ke2 Kc4 72. Kd1 d3 73.
Ke1 Kc3 74. Kd1 d2 75. Ke2 Kc2 76. Kxe3 d1=Q 77. Ke4 Qd3+ 0-1

[Event "Women's Speed Chess Q6"]
[Site "chess.com INT"]
[Date "2021.06.05"]
[Round "13"]
[White "Zhuravleva, Olga"]
[Black "Kanyamarala, Trisha"]
[Result "1/2-1/2"]
[WhiteTitle "WIM"]
[BlackTitle "WIM"]
[WhiteElo "2278"]
[BlackElo "2180"]
[WhiteFideId "4145933"]
[BlackFideId "45004722"]
[EventDate "2021.06.05"]

1. e4 c5 2. Nf3 d6 3. d4 cxd4 4. Nxd4 Nf6 5. Nc3 a6 6. Bd3 Nc6 7. Nb3 e6 8. O-O
Be7 9. f4 O-O 10. Qf3 Qc7 11. Kh1 Nb4 12. Bd2 Bd7 13. Rae1 Nxd3 14. cxd3 b5 15.
a3 Bc6 16. Nd4 Bb7 17. Qh3 Kh8 18. e5 Nd7 19. Qg3 Rad8 20. f5 Nxe5 21. fxe6 Bf6
22. exf7 Bc8 23. Nd5 Qxf7 24. Nxf6 gxf6 25. Qh4 Qg6 26. Bh6 Rf7 27. Re3 Ng4 28.
Rh3 Nxh6 29. Qxh6 Qxh6 30. Rxh6 Kg7 31. Rh4 f5 32. Rhf4 Kg6 33. h4 h5 34. g3
Bb7+ 35. Kh2 Bc8 36. R1f2 Re8 37. Kg1 Re1+ 38. Rf1 Re3 39. R4f3 Re5 40. Kf2 Rfe7
41. Rc1 Rd5 42. Rxc8 Rxd4 43. Rc6 Re6 44. Rxa6 Rd5 45. Rb6 Rc5 46. Rf4 Rc2+ 47.
Kf1 Rxb2 48. Rf2 Rb1+ 49. Kg2 Rb3 50. Rd2 Rxa3 51. Rxb5 Re3 52. Rd5 Kf6 53.
Rxd6+ Ke5 54. Rd8 Rb3 55. Re8+ Kd4 56. Rd8+ Kc3 57. Rd1 Rb2+ 58. Kf1 Rxg3 59.
Rc1+ Kd2 60. Re1 Rf3+ 61. Kg1 Rxd3 62. Rxd3+ Kxd3 63. Re5 f4 64. Rxh5 Ke3 65.
Re5+ Kf3 66. h5 Kg3 67. Rg5+ Kf3 68. h6 Rb1+ 69. Kh2 Rb2+ 70. Kg1 Rb6 71. Rh5
Rb1+ 72. Kh2 Rb2+ 73. Kg1 Rb8 74. h7 Rh8 75. Rh6 Kg4 76. Rg6+ Kf5 77. Rh6 Kg5
78. Rh2 Kg6 79. Kf2 Rxh7 80. Rxh7 Kxh7 81. Kf3 Kg6 82. Kxf4 1/2-1/2